000 00495nam a2200145Ia 4500
005 20260304120148.0
022 _a1723- 8617
050 _aRA790.A1. W67
245 _aWorld Psychiatry : Official Journal of the World Psychiatric Association (WPA).
250 _aVol. 24, No. 2
260 _a Masson Italy, Milan
_bMasson Italy, Milan Elsevier, Milan Wiley Blackwell, [Milan]
_c2025
300 _aill. ; 29 cm.
650 _aMental illness--Periodicals Psychiatry--Periodicals
942 _cSR
_2lcc
999 _c37359
_d37359